Представление документа в формате RUSMARC

ПолеНазваниеЗначение
  Тип записи a
  Библиографический уровень a
001 Контрольный номер RU/CBS_UL/BASE/bc5829b6450a46e28b0a503144948c93
005 Дата корректировки 20260312180649.8
100 Данные общей обработки __
a Данные общей обработки 20260312 ||| 0rusy0189 ca
101 Язык документа 0_
a Язык текста rus
102 Страна публикации __
a Страна публикации RU
200 Заглавие и сведения об ответственности 1_
a Заглавие Евгений Цыганов. Ошибки мастера
e Сведения, относящиеся к заглавию [о жизни и творчестве актра Е. Цыганова]
f Первые сведения об ответственности М. Мишина
300 Общие примечания __
a Общие примечания 16+
461 Уровень набора _0
1 2000
a Дарья. Биография
463 Уровень физической единицы _0
1 2000
a № 2
v С. 12-13 : фот.
1 2101
d 2026
1 001RU/CBS_UL/BASE/5745292b1ddd4125abeeaecd6b96289f
600 Персоналии _1
a Персоналии (Фамилия) Цыганов
b Персоналии (Имя, инициалы) Е.Э.
606 Тематические рубрики 0_
a Основная рубрика Цыганов, Евгений Эдуардович (1979)
610 Ключевые слова 0_
a Ключевые слова актёры, российские актёры, актёры театра, актёры кино, актёры дубляжа, режиссёры театра и кино, сценаристы, композиторы, лауреаты премии Правительства Российской Федерации
686 Индексы других классификаций __
2 Код системы rubbk
a Классификационный индекс 85.374(2)
700 Автор _1
a Фамилия Мишина
b Имя (инициалы) М.
801 Источник записи _0
a Страна RU
b Организация МБУК ЦБС г. Ульяновска
c Дата составления 20260312
g Правила каталогизации RCR
801 Источник записи _1
a Страна RU
b Организация МБУК ЦБС г. Ульяновска
c Дата составления 20260312
g Правила каталогизации RCR
901 Тип документа __
t Тип документа b
w Контрольный № источника RU/CBS_UL/BASE/5745292b1ddd4125abeeaecd6b96289f
909 Создатель записи __
a Создатель записи lib1